[Event "Norway Chess 2nd"]
[Site "Stavanger"]
[Date "2014.06.08"]
[Round "5"]
[White "Grischuk, Alexander"]
[Black "Agdestein, Simen"]
[Result "1/2-1/2"]
[WhiteElo "2792"]
[BlackElo "2628"]
[Annotator "Negi,P"]
[PlyCount "98"]
[EventDate "2014.06.03"]
[EventType "tourn"]
[EventRounds "9"]
[EventCountry "NOR"]
[EventCategory "21"]
[SourceTitle "CBM 161"]
[Source "ChessBase"]
[SourceDate "2014.07.16"]
[SourceVersion "1"]
[SourceVersionDate "2014.07.16"]
[SourceQuality "1"]

1. e4 e6 2. d4 d5 3. Nc3 Nf6 4. e5 Nfd7 5. f4 c5 6. Nf3 Nc6 7. Be3 cxd4 8. Nxd4
Qb6 9. Qd2 Qxb2 10. Rb1 Qa3 11. Bb5 Nxd4 12. Bxd4 a6 13. Bxd7+ Bxd7 14. Rb3 Qe7
15. Rxb7 Qd8 $5 {At first the recent trend of a few players opting for this
instead of 15...Qh4+ 16.Bf2 Qd8 just bewildered me. It seemed like White can
at least go Bb6 as in the main line... or have a host of extra options. But
then I realised their idea:} (15... Qh4+ {Black wants to avoid} 16. g3 $5 {
which leads to some really complicated, and uncharted territory.} Qh3 (16...
Qd8 {now makes simply no sense, because White just has an extra move of g3 in
the main lines after} 17. Bb6) 17. Rf1 $5 {At first, the computer thinks that
everything is just ok for Black, but as is usual in such cases, it
under-estimates White's initiative. There is no easy way to develop for Black;
neither does he have any forcing way to just simplify things (as the
computer's assesment of 0.00 might suggest). I have analysed this line in some
depth in my upcoming book series on 1.e4, and interested readers are welcome
to check that out:).} (17. Nd1 $5 {is another exciting option that still needs
to be explored.}) {In the meantime, I'll leave you with a very instructive
game:} 17... Bc8 18. Rb3 Bd7 19. Rb7 Bc8 20. Rb6 $5 Bd7 $6 21. f5 $1 Be7 22.
Rf2 $1 Bd8 23. Rb7 Rc8 24. Ne2 Rc4 25. Qe3 exf5 26. e6 fxe6 27. Qe5 Qg4 28. Qd6
Bc8 29. Rf4 Qg5 30. Rxg7 Qh6 31. h4 a5 32. Rxf5 Rxc2 {Zolochevsky,V (2351)
-Shatkovsky,V (2319) ICCF 2011. A brilliant game even by the standards of
correspondence chess!}) 16. O-O (16. f5 $5 Qc8 $1 (16... Qh4+ $140 17. g3 Qh3
18. Rf1 {would be a much worse version than the 15...Qh4+ 16.g3 line.}) 17. Rb3
Qc4 18. Nd1 $5 $146 (18. fxe6 fxe6 19. Rf1 (19. Nd1 Bc5 20. c3 Bxd4 21. cxd4
O-O {and White can't castle}) 19... Be7 20. Qd3 Rc8 21. Kd2 Rf8 $15 {1/2-1/2 
(107) Karjakin,S (2786)-Nakamura,H (2767) Zug 2013 CBM 154 [Szabo,Kr]}) 18...
Bc5 (18... Rc8 19. Ne3 Qc7 20. O-O Bc5 21. c3 $36) (18... exf5 19. Ne3 Qc6 20.
O-O Be7 21. Rb6 Qc8 22. Nxd5 $16) 19. c3 Bxd4 20. cxd4 exf5 $1 21. Ne3 Qc6 22.
O-O (22. Qb4 f4 $1) 22... O-O 23. Rc3 Qb7 24. Nxf5 Bxf5 25. Rxf5 Rac8 $11) (16.
Bb6 {would be my recommendation - going for the usual main lines.} Qc8 17. Rc7
Qd8 18. Qd4 Ba3 19. Nb1 Be7 20. c4 Rc8 21. Rb7 Bb4+ 22. Kf2 Qxb6 23. Rxb6 Bc5
24. Rd1 Bxd4+ 25. Rxd4 dxc4 26. Nc3 Rc7 27. Rxa6 Ke7 28. Rb6 {this is the
critical endgame to assess this whole variation for Black.... it seems to me
that White tries without much risk, so that's already not a bad achievement
from the opening. An instructive game was, Kamsky,G (2741)-Shimanov,A (2655)
Tromso 2013.}) 16... Rb8 $146 {A rather logical novelty. Black should try to
get rid of this rook as soon as possible, but I don't think it really
equalises.} (16... Qc8 17. Rfb1 Bc6 18. R7b3 {has been doing quite well for
White as well:} Be7 19. f5 $1 exf5 20. Ne2 Bb5 21. Nf4 Bg5 22. Rg3 Bh6 23. Qf2
$16 {1-0 (28) Brkic,A (2562)-Martinovic,S (2537) Porec 2014}) 17. Rxb8 (17. Bb6
Bc5+ $1 18. Bxc5 Rxb7 $17) 17... Qxb8 18. f5 (18. Rb1 $1 {seems the critical
move.} Qc8 (18... Qc7 19. Qe3 Be7 (19... g6 20. Nxd5 $16) 20. f5 $36) 19. Qe3 {
/\f5. The computer suggests} h5 {which looks rather strange, so I would
definitely prefer White here.} 20. h3 (20. f5 h4 21. h3 Rh5 {can lead to
strange positions}) 20... h4 21. Kh1 $14) 18... Qc8 19. f6 {That's not really
the point behind f5... that's why it was probably better if White could
prepare for a few more moves. Now, Black solves all his developmental problems
with} gxf6 $1 20. Rxf6 (20. exf6 Rg8 {is rather pleasant too, since White has
no initiative.}) 20... h5 21. Rf3 Qc4 {Suddenly, Black's lack of development
doesn't seem a problem anymore since White isn't trying to penetrate through
the b-file.} 22. h3 {Black has a host of pleasant options to choose from.} Be7
23. a3 Bxa3 {Accepting the sacrifice... but I don't think Black should give
away his bishop pair as easily.} (23... Rg8 $11 {is certainly quite pleasant
for Black as well.}) 24. Ne4 $1 {An interesting pawn sacrifice, to keep
Black's bishop stuck behind his own pawns...} (24. Nxd5 Qxd5 25. Rxa3 Rg8 {
and Black's bishop will get too active as well.}) 24... dxe4 25. Rxa3 Rg8 26.
Rb3 Qc7 27. Rc3 $6 {Grischuk probably missed Black's nasty intermediate reply.}
(27. c4 $5 {would help White to continue to build up the pressure.} Bc6 (27...
e3 $140 28. Qxe3 Bc6 29. Bb6 $1 {/\ Rd3, gives White almost a winning
advantage!} Qb7) (27... Rg6 28. Qb2 $14) 28. Qb2 $1 $16) (27. Rb6 {is a
strange computer suggestion that I fail to understand, but trust is quite good
as well.}) 27... e3 $1 {Now, everything's getting quite messy, and it's
suddenly Black who is exploiting the typical opposite coloured bishop
initiative. I can also imagine that Grischuk was very much into time pressure
by now...} 28. Bxe3 (28. Qxe3 Bc6 29. g3 Qd7 $15) 28... Qxe5 {White could have
equalised in a few different ways here, but he continues to try and create
something in vain.} 29. Rd3 Qb5 30. Rb3 Qc6 31. Rb8+ Bc8 32. c4 Qxc4 $1 {
Adgenstein clearly isn't impressed by the pawn sacrifices these 2700 guys keep
making.} 33. Rb4 (33. Qd6 Qc2 $1 {would have still led to a likely perpetual,
but after the game move, Black takes over.}) 33... Qc6 $1 (33... Qc7 34. Bb6
Qe7 35. Rc4 {is possibly what White expected.}) 34. Rd4 f6 {...and Black's
king is very safe.} 35. Kh1 $6 {I think Grischuk was just trying to reach the
time control in the next few moves, so I wouldn't comment on the missed
opportunities:} Kf7 36. Rd6 Qb5 37. Kh2 h4 38. Bf4 Qf5 39. Rc6 Kg6 $2 {The big
miss.} (39... Rxg2+ $1 {would have simply been over:} 40. Qxg2 (40. Kxg2 Qe4+
$19) 40... Qxf4+ 41. Kg1 Bb7 $19 {[%cal Gf4c7]}) 40. Rc7 e5 {And the last move
in the time control turns out to be the spoiler.} (40... Qe4 {keeps White's
pieces all caught up in a web. He probably has to go for the endgame after} 41.
Qc2 Bb7 42. Qxe4+ Bxe4 {[%csl Rg2] but this is just very nice for Black.}) 41.
Be3 Be6 42. Qb4 {Now White has enough counterplay.} Rg7 43. Rxg7+ Kxg7 44. Qb7+
Bf7 45. Qxa6 Qe4 46. Qe2 f5 47. Qf3 Qxf3 48. gxf3 Kg6 49. f4 exf4 1/2-1/2

[Event "Norway Chess 2nd"]
[Site "Stavanger"]
[Date "2014.06.12"]
[Round "8"]
[White "Grischuk, Alexander"]
[Black "Giri, Anish"]
[Result "1/2-1/2"]
[WhiteElo "2792"]
[BlackElo "2752"]
[Annotator "Marin,M"]
[PlyCount "131"]
[EventDate "2014.06.03"]
[EventType "tourn"]
[EventRounds "9"]
[EventCountry "NOR"]
[EventCategory "21"]
[SourceTitle "CBM 161"]
[Source "ChessBase"]
[SourceDate "2014.07.16"]
[SourceVersion "1"]
[SourceVersionDate "2014.07.16"]
[SourceQuality "1"]

1. c4 c5 2. Nc3 g6 3. e3 Nf6 4. d4 Bg7 5. d5 O-O 6. Nf3 {White is ready to
play the Benoni with the pawn on e3. This is a more dangerous variation than
it may seem. Since Black does not have the pressure against e4, White can
organise his plans better, he would most likely prepare b2-b4. A similar
approach can be seen in the fianchetto system, where the pawn stays on e2 for
a long time.} d6 7. h3 (7. Be2 e6 8. O-O exd5 9. cxd5 Bg4 10. h3 Bxf3 11. Bxf3
{transposes to two games played by World Champions.} Nbd7 (11... Na6 12. Bd2
Rc8 13. Qb3 c4 14. Qxb7 Nc5 15. Qb4 Rb8 16. Qa3 Rb6 17. Rab1 Qb8 18. Na4 {
Anand,V (2775)-Ragger,M (2668) Germany 2014 (1-0, 67). The position is messy
but Black did not get the best out of his compensation.}) 12. a4 a6 13. g4 c4
14. Be2 Rc8 15. g5 Ne8 16. f4 Qe7 17. Ra3 Rc5 18. Bf3 Ra5 19. Bd2 Nc5 20. Qe2
Nb3 21. Ne4 Nxd2 22. Qxd2 Qd8 23. Qb4 $14 {Morozevich,A (2758)-Kramnik,V (2769)
Mexico City 2007 CBM 120 [Marin,M] (1-0, 48). This is precisely the game which
caused something of a sensation and possibly launched a slight fashion trend.})
7... e6 8. Bd3 exd5 9. cxd5 Re8 10. O-O Nbd7 11. Re1 a6 12. a4 Nh5 $146 (12...
Qc7 13. e4 Rb8 14. Bf4 Nh5 15. Bh2 c4 16. Bf1 Ne5 17. Nxe5 Bxe5 18. Bxe5 Rxe5
19. a5 $14 {1/2-1/2 (61) Burmakin,V (2555)-Zontakh,A (2460) Portoroz 1995}) 13.
Be2 f5 14. Rb1 h6 15. Nd2 Ne5 $6 {This is a bit too much. Black's queenside
counterplay will be not strong enough to compensate for the kingside
weaknesses and for the missing pawn.} (15... Nhf6 16. Nc4 Ne5 17. Nxe5 (17. b3
$5 $14) 17... Rxe5 18. b4 $14) 16. f4 Nf7 17. Bxh5 gxh5 18. Qxh5 b5 19. Nf3 Bd7
20. Ne2 Nh8 21. axb5 axb5 22. b4 cxb4 23. Ng3 (23. Nfd4 $16) 23... Rf8 24. Nd4
$6 Bxd4 $5 25. exd4 Qf6 $132 {/+/=} 26. Rxb4 Rfe8 27. Rxe8+ Rxe8 28. Kh2 Kh7
29. Rb3 Rc8 30. Ra3 Rxc1 31. Ra7 Qf7 32. Qxf7+ Nxf7 33. Rxd7 Kg6 34. Re7 b4 35.
Re6+ Kh7 36. Re7 Kg6 37. Re6+ Kh7 38. Nxf5 $6 $14 (38. Re8 Kg6 (38... b3 39.
Rb8 Rc3 40. Nxf5 $18) 39. Rg8+ Kh7 40. Rb8 Kg6 41. Rxb4 $16) 38... b3 39. Re2
h5 40. Rb2 Rc3 41. Ng3 Kg6 42. f5+ Kh6 43. Ne2 Rc2 44. Rxc2 bxc2 45. Kg3 Kg5
46. Kf3 Nh6 47. f6 Kxf6 48. Ke3 Nf5+ 49. Kd2 Kg5 50. g3 h4 51. g4 Nh6 52. Kxc2
Nxg4 53. hxg4 Kxg4 54. Ng1 Kg3 55. Kd2 Kf2 56. Nh3+ Kg3 57. Ng1 Kf2 58. Nh3+
Kg3 59. Ng5 Kf4 60. Ne6+ Ke4 61. Ng5+ Kxd4 62. Nf3+ Ke4 63. Nxh4 Ke5 64. Kd3
Kxd5 65. Nf5 Kc5 66. Nxd6 1/2-1/2

[Event "Norway Chess 2nd"]
[Site "Stavanger"]
[Date "2014.06.13"]
[Round "9"]
[White "Kramnik, Vladimir"]
[Black "Grischuk, Alexander"]
[Result "0-1"]
[WhiteElo "2783"]
[BlackElo "2792"]
[Annotator "Krasenkow,M"]
[PlyCount "80"]
[EventDate "2014.06.03"]
[EventType "tourn"]
[EventRounds "9"]
[EventCountry "NOR"]
[EventCategory "21"]
[SourceTitle "CBM 161"]
[Source "ChessBase"]
[SourceDate "2014.07.16"]
[SourceVersion "1"]
[SourceVersionDate "2014.07.16"]
[SourceQuality "1"]

1. d4 Nf6 2. c4 g6 3. Nc3 d5 4. cxd5 Nxd5 5. e4 Nxc3 6. bxc3 Bg7 7. Nf3 c5 8.
Be3 Qa5 9. Qd2 O-O 10. Rc1 Bg4 11. d5 Nd7 {This move is not considered the
most accurate in the present position, and this game doesn't change that
conclusion.} ({For} 11... Bxf3 {see Caruana - Rodstein in CBM 144.}) 12. c4 (
12. Ng5 Nb6 13. c4 Qxd2+ 14. Kxd2 h6 15. h3 Bd7 16. Nf3 Rac8 17. Bd3 {1-0 (49)
Juhasz,K (2343)-Zsirai,P (2207) Budapest 2013} e6 $11) 12... Qa3 (12... Qxd2+
13. Nxd2 {[%csl Rg4] (the reason why Black should rather eliminate this knight
earlier)} f5 14. f3 f4 15. Bf2 Bh5 16. Be2 g5 17. h4 $36 {1-0 (37) Khenkin,I 
(2634)-Leniart,A (2390) Tromsoe 2009}) (12... Qa4 13. Ng5 (13. Ng1 $142 {
[%cal Rh2h3]} Nb6 (13... f5 14. f3) 14. h3 Bd7 15. Nf3 $14) 13... h6 14. h3 Bh5
15. g4 hxg5 16. gxh5 f5 (16... Nf6 $1 $132) 17. Bxg5 fxe4 18. hxg6 Ne5 19. Be2
$14 {1-0 (51) Kotanjian,T (2552)-Kviriashvili,I (2258) Tbilisi 2009}) (12...
Qb6 13. Be2 Qb4 14. h3 Bxf3 15. Bxf3 a6 16. Be2 Qxd2+ 17. Kxd2 $14 {0-1 (47)
Cebalo,M (2510)-Tseshkovsky,V (2530) Banja Luka 1981}) 13. Be2 $1 (13. Ng1 f5
$1 14. f3 fxe4 $1 15. fxg4 Bd4 $1 16. Bxd4 cxd4 $40) (13. Ng5 h6 (13... Nb6 14.
h3 Bd7 15. Bd3 Na4 16. O-O a6 17. Nf3 b5 18. Bh6 Bxh6 19. Qxh6 f6 20. Bc2 $14 {
1-0 (27) Sherbakov,R (2559)-Kachar,V (2390) Moscow 1999}) (13... f6 {1-0 (33)
Grigore,G (2445)-Ionescu,D (2335) Bucharest 1995} 14. Nxh7 Kxh7 15. h3 Bh5 16.
g4 Ne5 17. Be2 $14) 14. h3 Bh5 15. Nf3 (15. g4 hxg5 16. gxh5 Nf6) 15... g5 16.
Be2 Bg6 17. Bd3 f5 18. exf5 Bxf5 19. Bxf5 Rxf5 20. Nh2 Qb4 $11 {1/2 (42)
Moradiabadi,E (2578)-Nguyen,N (2633) Khanty-Mansiysk 2010}) 13... Bxf3 (13...
Nf6 14. Bd3) 14. Bxf3 Bd4 $5 15. Bxd4 cxd4 16. O-O Ne5 17. Qxd4 Nxf3+ 18. gxf3
Qxf3 19. Rc3 $14 {White has obtained a strong, firmly protected pawn centre,
which hardly compensates for the absence of his g-pawn near his king.} Qe2 20.
f4 {Going for the kingside attack is a good practical decision. It is
difficult for a human to parry it even if chess engines do it successfully.} (
20. c5 $5 Qxa2 21. Rfc1 {[%csl Gc5] was another option.}) 20... Qxa2 21. f5 b6
22. e5 Qb2 {Pinning this rook is the best employment for Black's queen.} 23.
Kh1 Qe2 (23... b5 {[%cal Yb5b4]} 24. Qe3 bxc4 $4 25. f6 $18 {[%cal Re3h6]}) 24.
Rf2 Qe1+ 25. Kg2 Rac8 26. Rf1 Qe2+ 27. Rf2 Qe1 28. Rg3 (28. d6 $5) 28... Qb4 $1
{[%mdl 256]} 29. d6 Rxc4 (29... exd6 $5 30. fxg6 fxg6 31. Rxf8+ Rxf8 32. exd6
Qc5 $11) 30. Qd3 Rg4 (30... Rd4 $142 31. Qc2 Rc4 $11) 31. d7 $2 (31. fxg6 $1
hxg6 32. d7 Kg7 $1 (32... Rd4 $2 33. Rxg6+) (32... Qd4 33. Qxd4 Rxd4 34. e6 $1
Kg7 35. Rc3 $18) (32... Rd8 33. e6 f5 34. Rc2 {[%cal Rc2c8]} Kg7 35. Qc3+ Qxc3
36. Rcxc3 $18) 33. e6 f5 34. Rxg4 Qxg4+ 35. Kf1 $16) 31... Rd4 32. Qf3 $2 (32.
Qc2 $8 Qb5 $1 (32... Rc4 $2 33. fxg6) 33. fxg6 Qd5+ 34. Kf1 Qxd7 35. gxf7+ Kh8
{and White must fight for equality.}) 32... e6 $1 33. f6 Rxd7 $19 {White's
attack is now over, and he is 3 pawns down.} 34. Qe3 Rfd8 35. Qh6 Qf8 36. Qg5
h6 37. Qe3 Kh7 38. Rh3 h5 39. Rg3 Qh6 40. Rg5 Rd3 0-1

[Event "Wch Rapid"]
[Site "Dubai"]
[Date "2014.06.17"]
[Round "9"]
[White "Caruana, Fabiano"]
[Black "Grischuk, Alexander"]
[Result "1/2-1/2"]
[WhiteElo "2791"]
[BlackElo "2792"]
[PlyCount "162"]
[EventDate "2014.06.16"]
[EventType "swiss (rapid)"]
[EventRounds "15"]
[EventCountry "UAE"]
[SourceTitle "CBM 160 Extra"]
[Source "ChessBase"]
[SourceDate "2014.07.01"]
[SourceVersion "1"]
[SourceVersionDate "2014.07.01"]
[SourceQuality "1"]

1. d4 Nf6 2. c4 g6 3. Nf3 Bg7 4. g3 c5 5. Bg2 O-O 6. d5 b5 7. cxb5 a6 8. bxa6
d6 9. Nc3 Nxa6 10. O-O Bf5 11. Ne1 Qb6 12. Nc2 Rfb8 13. Ne3 Bc8 14. h3 Nd7 15.
Na4 Qb5 16. Nc3 Qb6 17. Qd2 Nc7 18. b3 Ba6 19. Bb2 c4 20. Na4 Qb4 21. Qxb4 Rxb4
22. Bxg7 Kxg7 23. Nc2 Rb7 24. b4 Bb5 25. Nc3 Ba4 26. Ne3 Rxb4 27. Rfb1 Na6 28.
Rxb4 Nxb4 29. Rb1 Nc2 30. Nxc2 Bxc2 31. Rb2 Ba4 32. Rb4 Nc5 33. Rxc4 Bd7 34. h4
Ra3 35. Bf3 f5 36. Kf1 Bc8 37. Nb5 Rxa2 38. Nd4 Kf6 39. Rc3 Rd2 40. Nb3 Nxb3
41. Rxb3 Bd7 42. Ke1 Rd4 43. Bg2 Ba4 44. Rb1 Bc2 45. Ra1 Be4 46. Bxe4 Rxe4 47.
e3 Rc4 48. Ke2 Rc2+ 49. Kf3 Rc5 50. e4 Rc3+ 51. Kf4 Rc4 52. f3 h6 53. Ra7 g5+
54. hxg5+ hxg5+ 55. Ke3 Rc3+ 56. Kf2 fxe4 57. fxe4 g4 58. Ra4 Ke5 59. Ra7 Kxe4
60. Rxe7+ Kxd5 61. Rg7 Rc4 62. Ke3 Ke5 63. Rg5+ Kf6 64. Rg8 d5 65. Re8 Kf5 66.
Rf8+ Ke6 67. Re8+ Kd7 68. Re5 Kd6 69. Re8 Ra4 70. Rd8+ Ke6 71. Re8+ Kd7 72. Re5
Kd6 73. Re8 Rc4 74. Rd8+ Kc5 75. Re8 Kb4 76. Kd3 Rc3+ 77. Kd4 Rxg3 78. Rb8+ Ka3
79. Kxd5 Rg1 80. Ke4 g3 81. Kf3 Rc1 1/2-1/2

[Event "Wch Rapid"]
[Site "Dubai"]
[Date "2014.06.18"]
[Round "14"]
[White "Carlsen, Magnus"]
[Black "Grischuk, Alexander"]
[Result "1-0"]
[WhiteElo "2881"]
[BlackElo "2792"]
[Annotator "CB"]
[PlyCount "121"]
[EventDate "2014.06.16"]
[EventType "swiss (rapid)"]
[EventRounds "15"]
[EventCountry "UAE"]
[SourceTitle "CBM 160 Extra"]
[Source "ChessBase"]
[SourceDate "2014.07.01"]
[SourceVersion "1"]
[SourceVersionDate "2014.07.01"]
[SourceQuality "1"]

1. d4 Nf6 2. c4 g6 3. Nc3 Bg7 4. e4 d6 5. f3 {Gegen die Sämisch-Variante hat
Grischuk schon vieles probiert:} O-O (5... a6 6. Be3 Nc6 7. Qd2 Rb8 8. Nge2 Bd7
9. Nc1 O-O 10. Nb3 e5 11. d5 Ne7 12. g4 b5 13. c5 b4 14. Nd1 Bb5 15. Nf2 Bxf1
16. Rxf1 Rb5 17. c6 Nfxd5 18. exd5 Rxd5 19. Qc2 Qa8 20. Rc1 a5 21. Nd2 f5 22.
Bg5 Nc8 23. gxf5 Rxf5 24. Nfe4 Kh8 25. Qb3 Nb6 26. Be3 Rb5 27. Bxb6 Rxb6 28.
Qd5 Qb8 29. Nxd6 cxd6 30. Nc4 e4 31. Qxd6 exf3 {1-0 (31) Wang,Y (2697)
-Grischuk,A (2752) Beijing 2011}) 6. Be3 a6 (6... e5 7. d5 c6 8. Qd2 cxd5 9.
cxd5 a6 10. Bd3 Nh5 11. Nge2 Nd7 12. O-O f5 13. exf5 gxf5 14. Bxf5 Rxf5 15. g4
Nb6 16. b3 Rxf3 17. Rxf3 Bxg4 18. Rf2 Nd7 19. Ne4 Ndf6 20. Nxf6+ Nxf6 21. Ng3
$16 {1-0 (55) Morozevich,A (2748)-Grischuk,A (2764) Beijing 2012}) (6... c5 7.
Nge2 Nc6 8. d5 Ne5 (8... Na5 9. Nc1 e6 10. Be2 exd5 11. cxd5 Nd7 (11... a6 12.
Nb3 b5 13. O-O Nd7 14. Nxa5 Qxa5 15. Qd2 Re8 $11 {0-1 (42) Dreev,A (2677)
-Grischuk,A (2763) Astana 2012}) 12. Nb3 f5 13. Qd2 Ne5 14. Nxa5 Qxa5 15. O-O
fxe4 16. Nxe4 Qxd2 17. Bxd2 Nf7 18. Bc3 Bf5 $11 {1/2-1/2 (54) Vitiugov,N (2705)
-Grischuk,A (2763) Moscow 2012}) 9. Ng3 h5 10. Be2 h4 11. Nf1 e6 12. f4 Nxc4
13. Bxc4 b5 14. Bxb5 exd5 15. e5 dxe5 16. fxe5 Bg4 17. exf6 Bxd1 18. fxg7 Kxg7
19. Bxc5 h3 $13 {1/2-1/2 (41) Svidler,P (2747)-Grischuk,A (2764) London 2013})
7. Nge2 c6 (7... Nc6 8. Qd2 Rb8 9. Rc1 e6 10. b3 Nd7 11. h4 h5 12. g3 Ne7 13.
g4 hxg4 14. fxg4 Nf6 15. g5 Nh5 16. Bg2 e5 17. Bf3 b5 18. dxe5 Bxe5 19. Nf4
Bxf4 20. Bxf4 bxc4 21. bxc4 Be6 22. Nd5 Bxd5 23. cxd5 Qd7 24. O-O Nxf4 25. Qxf4
c6 26. h5 cxd5 27. h6 Qe6 28. exd5 Nxd5 29. Bxd5 Qxd5 30. Qf6 Qe5 31. Qxe5 dxe5
32. Rc5 Rb5 {1/2-1/2 (32) Anand,V (2791)-Grischuk,A (2733) Linares 2009}) 8. c5
({Die Alternative ist} 8. Qd2) 8... b5 9. cxd6 exd6 10. Nf4 Re8 ({Im letzten
Worldcup geschah} 10... b4 11. Nce2 Re8 12. Ng3 Nd5 13. Bc1 Qh4 14. Nfe2 Nb6
15. Be3 a5 16. Rc1 h6 17. Nf4 Nd5 18. Nxd5 cxd5 19. Bb5 Bd7 20. Qa4 dxe4 21. f4
Qd8 22. f5 Bxb5 23. Qxb5 Nd7 24. fxg6 fxg6 25. Qd5+ Kh8 26. Qxd6 Nf6 27. Qxd8
Raxd8 28. Ke2 Nd5 29. Rhd1 a4 30. Rd2 a3 31. bxa3 bxa3 32. Rc6 Rb8 33. Rc5 Nxe3
34. Kxe3 h5 35. Ne2 Bh6+ 36. Nf4 Bxf4+ 37. Kxf4 e3 38. Re2 Rb2 39. Kf3 Reb8 40.
Rcc2 Rxc2 41. Rxc2 Rb2 42. Re2 Kg7 43. Kxe3 Kf6 44. Kd3 Rb1 45. d5 g5 46. Kc3
Rb8 47. d6 Rd8 48. Rd2 Rd7 49. Kb4 Ke6 50. Kc5 Ra7 51. d7 Rxd7 52. Rxd7 Kxd7
53. Kb4 {1-0 (53) Dreev,A (2668)-Wang,H (2747) Tromsoe 2013}) 11. Be2 b4 (11...
Bb7 12. O-O Nd5 13. Nfxd5 cxd5 14. Qd2 Nd7 15. a3 Nf6 16. Bg5 Qb6 17. Kh1 dxe4
18. fxe4 Nxe4 19. Nxe4 Bxe4 20. Bf6 Rac8 21. Bxg7 Kxg7 22. Rac1 Qb7 23. Bf3
Bxf3 24. Rxf3 Re2 25. Qxe2 Rxc1+ 26. Rf1 Qe4 27. Qf2 Rxf1+ 28. Qxf1 Qxd4 29. h3
{0-1 (29) Abello,S (2303)-Georgiev,K (2453) France 2008}) 12. Na4 Nd5 $1 {
Der gleiche Trick wie in der Partie der letzten Anmerkung. Schwarz übernimmt
die Initative.} 13. Bc1 Nb6 (13... Nxf4 $5 14. Bxf4 d5 {mit der Idee} 15. e5 f6
) 14. Nxb6 Qxb6 15. Be3 d5 16. Qd3 dxe4 17. fxe4 a5 18. Rd1 Ba6 19. Qc2 Bxe2
20. Nxe2 {Weiß hat einige Mühe, seine Entwicklung abzuschließen und hat
zudem eine Reihe von Schwächen.} Nd7 21. O-O Nf6 22. Ng3 Ng4 $17 23. Bf2 Rad8
{Droht nun Tausch auf f2 und schon entscheidendend Gewinn des Bauern d4.} 24.
e5 c5 25. dxc5 (25. Qxc5 Qxc5 26. dxc5 Bxe5 $17) 25... Qc7 26. Rxd8 Rxd8 27.
Ne4 Bxe5 28. g3 {Überall knackt es in der weißen Stellung.} Nxf2 29. Kxf2 (
29. Nxf2 Bxg3 30. hxg3 Qxg3+ 31. Kh1 Rd5 $19) 29... Qc6 $19 30. Re1 Bd4+ (30...
f5 $1 $19 {war stärker.}) 31. Kf1 f5 (31... Rd5 $1 $19) 32. Nf2 Bxc5 33. Re5
$17 {Nach zwei Ungenauigkeiten von Schwarz hat Weiß überlebt und findet
zurück ins Spiel.} Qa6+ 34. Kg2 ({Objektiv besser} 34. Qe2 Qxe2+ 35. Rxe2 $17)
34... Qb7+ (34... Bd4 $5 35. Re7 Qa8+ 36. Kf1 Qd5 $17) 35. Kh3 Bd4 36. Rxa5 Qb6
$2 ({Richtig war hier} 36... Qd7 $19) 37. Qc4+ Kh8 38. Rb5 $11 {Und plötzlich
hat Weiß wieder gleiches Spiel erreicht.} Qf6 39. Nd3 g5 40. Rd5 Rxd5 41. Qxd5
Kg7 42. Nxb4 Bxb2 43. a4 f4 44. Kg2 Bc3 45. Nd3 fxg3 46. hxg3 Qe7 47. Nf2 Qe5
48. Qf3 (48. Qxe5+ Bxe5 49. a5 h5 50. a6 Bd4 51. Ne4 Kg6 $11) 48... Bd4 49.
Qb7+ Kg6 50. Qc6+ Kg7 51. Ne4 h5 52. a5 (52. Nxg5 Qe2+ 53. Kh3 Qg4+ $11 {
mit Dauerschach.}) 52... h4 53. g4 {Carlsen spielt auf Gewinn...} Be3 $2 (53...
Bc5 $5 54. Nxc5 Qe2+ 55. Kh3 Qe3+ 56. Kh2 Qe5+ $11) 54. Qd7+ {und ergreift die
Chance...} Kg6 55. Qd6+ Qxd6 56. Nxd6 Kf6 57. a6 Ke6 58. Nb5 Ke5 59. Kf3 Bb6
60. a7 Bxa7 61. Nxa7 1-0